00638nam a22001457a 4500999001700000008004100017050002400058100002600082245012400108260005100232300002700283521002000310942003600330952012600366 c28656d28656170313b xxu||||| |||| 00| 0 eng d aTP 151 .C53V17 1973 aEdited by Bennett, H. aThe chemical formulary:bcollection of commercial formulas for making thousands of products in many fields/cH. Bennett aNew York:bChemical Publishing Company,c1973. a315p. :bill. ;c22cm. aIncludes index. 2lcccBOOKShTP 151 .C53V17 1973 00102lcc4070aMUCbMUCcTECHd2017-03-13eDonation (BFA)l0oTP 151 .C53V17 1973p33499r2018-07-12w2017-03-13yBOOKS